000 01005nas a2200313 4500
001 BR0104715
003 BR-BrBNA
005 20231205102434.0
007 ta
008 230509b bl.|||p| |||| 00| 00por d
040 _aBR-BrBNA
_bpor
_cBiblioteca Nacional de Agricultura
041 _a(Pt)
072 _aL51
100 1 _aRibeiro, K.G.
100 1 _aGarcia, R.
100 1 _aPereira, O.G.
100 1 _aValadares Filho, S. de C.
100 1 _aCecon, P.R.
245 1 _aConsumo e digestibilidades aparentes total e parcial, de nutrientes, em bovinos recebendo racoes contendo feno de capim-Tifton 85 de diferentes idades de rebrota
650 _aBovino
650 _aPlanta Forrageira
650 _aFeno
650 _aDigestibilidade Aparente
650 _aRebrota
650 _aMinas Gerais
773 0 _tRevista Brasileira de Zootecnia (Brazil)
_xISSN 1516-3598
_g(Mar-Apr 2001), v. 30(2) p. 573-580
_wBR0104715
909 _a202311
_bLúcia
_c55
_dLúcia Elande
942 _2AGRIS
_n0
_cANA
999 _c167592
_d167592